Educational anthropology : an introduction (Record no. 101334)

MARC details
000 -LEADER
fixed length control field 00374nam a2200145Ia 4500
005 - DATE AND TIME OF LATEST TRANSACTION
control field 20240821155158.0
008 - FIXED-LENGTH DATA ELEMENTS--GENERAL INFORMATION
fixed length control field 240821s9999||||xx |||||||||||||| ||und||
082 ## - DEWEY DECIMAL CLASSIFICATION NUMBER
Classification number 370.1934 KNE
100 ## - MAIN ENTRY--PERSONAL NAME
Personal name Kneller, George F.
245 #0 - TITLE STATEMENT
Title Educational anthropology : an introduction
260 ## - PUBLICATION, DISTRIBUTION, ETC.
Place of publication, distribution, etc. New York
Name of publisher, distributor, etc. John Wiley
Date of publication, distribution, etc. 1965
300 ## - PHYSICAL DESCRIPTION
Extent ix,171p
650 ## - SUBJECT ADDED ENTRY--TOPICAL TERM
Topical term or geographic name entry element Education
942 ## - ADDED ENTRY ELEMENTS (KOHA)
Koha item type Book
Holdings
Withdrawn status Lost status Damaged status Not for loan Home library Current library Date acquired Total checkouts Barcode Date last seen Price effective from Koha item type
        Library and Documentation Division NCERT Library and Documentation Division NCERT 08/21/2024   87056 08/21/2024 08/21/2024 Book